| Tag |
First Indicator |
Second Indicator |
Subfields |
| LEADER |
00000cam a2200000 a 4500 |
| 001 |
in00001344713 |
| 005 |
20151006050349.0 |
| 008 |
960620s1996 sp a 001 0 spa |
| 010 |
|
|
|a 96162146
|
| 020 |
|
|
|a 8425216796
|
| 035 |
|
|
|a (OCoLC)36147304
|
| 035 |
|
|
|9 AHE9511AM
|
| 040 |
|
|
|a DLC
|c DLC
|d PL#
|d TXA
|d UtOrBLW
|
| 041 |
0 |
|
|a spa
|a eng
|
| 043 |
|
|
|a e------
|
| 049 |
|
|
|a TXAM
|
| 050 |
0 |
0 |
|a NA9052
|b .S47 1996
|
| 100 |
1 |
|
|a Serra, Josep Ma.
|q (Josep Maria)
|
| 245 |
1 |
0 |
|a Elementos urbanos :
|b mobiliario y microarquitectura = Urban elements : furniture and microarchitecture /
|c Josep Ma. Serra.
|
| 246 |
3 |
1 |
|a Urban elements
|
| 264 |
|
1 |
|a Barcelona :
|b Editorial Gustavo Gili,
|c [1996]
|
| 264 |
|
4 |
|c ©1996
|
| 300 |
|
|
|a 304 pages :
|b illustrations ;
|c 21 x 30 cm.
|
| 336 |
|
|
|a text
|b txt
|2 rdacontent
|
| 337 |
|
|
|a unmediated
|b n
|2 rdamedia
|
| 338 |
|
|
|a volume
|b nc
|2 rdacarrier
|
| 500 |
|
|
|a "Traducciʹon/Translation: Drral, S.L. Barcelona"--T.P. verso.
|
| 500 |
|
|
|a Spanish and English.
|
| 500 |
|
|
|a Includes indexes.
|
| 650 |
|
0 |
|a Urban beautification
|z Europe.
|
| 650 |
|
0 |
|a Outdoor furniture
|z Europe.
|
| 650 |
|
0 |
|a Street decoration
|z Europe.
|
| 653 |
|
|
|a Urbanismo.
|
| 653 |
|
|
|a Muebles
|a Diseño.
|
| 653 |
|
|
|a Arquitectura
|a Diseño.
|
| 999 |
|
|
|a MARS
|
| 999 |
f |
f |
|s 2ad7b61f-398c-335a-bfe7-0a783ed642fc
|i a1e9b346-6ba1-3fde-bc25-d892b5922b20
|t 0
|
| 952 |
f |
f |
|p ric
|a Texas A&M University
|b Rellis Campus
|c Joint Library Facility
|d Remote Storage
|t 0
|e NA9052 .S47 1996
|h Library of Congress classification
|i unmediated -- volume
|m A14820962805
|
| 998 |
f |
f |
|a NA9052 .S47 1996
|t 0
|l Remote Storage
|